| 000 | 00442nam a2200157Ia 4500 | ||
|---|---|---|---|
| 008 | 151213s9999 xx 000 0 und d | ||
| 100 | _aAdrina Dojj & Christopher Jone | ||
| 245 |
_aLanguage In Use _cAdrina Dojj & Christopher Jone |
||
| 250 | _aNew | ||
| 260 |
_aCambridge University _bCambridge Press _c2001 |
||
| 300 | _a3494 p. | ||
| 650 | _aEnglish | ||
| 650 | _aEnglish | ||
| 700 | _aAdrina Dojj & Christopher Jone | ||
| 999 |
_c2313 _d2313 |
||